000 00962nam a22003135i 4500
001 13038
003 ES-MaACL
005 20250830223403.0
007 t|
008 930818s1993 sp ||||0| spa j
020 _a84-7492-642-4
040 _aM-BN
_bspa
_cM-BN
080 _a972.91"1895/98"
080 _a973"1898"
080 _a946.0"1898"
100 1 _aBarón Fernández, José.
_925777
245 1 3 _aLa guerra hispano-norteamericana de 1898 /
_cJosé Barón Fernández.
260 _aSada, A Coruña :
_bEdiciós do Castro,
_c[1993]
300 _a273 p ;
_c21 cm.
490 1 _aHistoria
504 _aBibliografía: p. 267-273.
650 4 _aGuerra hispano-americana, 1898
_913207
651 4 _aCuba-
_xHistoria-
_y1895-1898, Guerra de la Independencia.
_98096
651 4 _aEspaña-
_xHistoria-
_y1898
_98272
830 0 _aHistoria
_9177536
852 _aES-MaACL
_jL-20385
_bR.122274
942 _2udc
999 _c13038
_d13038